Normal view
MARC view
- العلوم عند العرب -- ببليوجرافيات -- التراث العربي -- ببليوجرافيات -- الببليوجرافيات العامة -- المخطوطات العربية -- ببليوجرافيات
Entry Topical Term
001 - CONTROL NUMBER
- control field: 27290
003 - CONTROL NUMBER IDENTIFIER
- control field: JO-AjAnu
005 - DATE AND TIME OF LATEST TRANSACTION
- control field: 20230606074634.0
008 - FIXED-LENGTH DATA ELEMENTS
- fixed length control field: 230606|| aca||aabn | a|a d
040 ## - CATALOGING SOURCE
- Original cataloging agency: JO-AjAnu
- Transcribing agency: JO-AjAnu
150 ## - HEADING--TOPICAL TERM
- Topical term or geographic name entry element: العلوم عند العرب -- ببليوجرافيات -- التراث العربي -- ببليوجرافيات -- الببليوجرافيات العامة -- المخطوطات العربية -- ببليوجرافيات
670 ## - SOURCE DATA FOUND
- Source citation: Work cat.: (JO-AjAnu)14016: تأليف سزكين، فؤاد؛ ترجمة محمود فهمي حجازي، راجعه عرفة مصطفى، سعيدعبدالرحيم, author 27289, تاريخ التراث العربي : علم اللغة